LEADER 00897nam0-22003131i-450- 001 990005686980403321 005 20060418102739.0 010 $a3-8053-0628-8 035 $a000568698 035 $aFED01000568698 035 $a(Aleph)000568698FED01 035 $a000568698 100 $a19990604d1983----km-y0itay50------ba 101 0 $aeng 105 $ayf------00--- 200 1 $aProvincial middle minoan pottery$fGisela Walberg 210 $aMainz am Rhein$cPhilipp von Zabern$dc1983 215 $aIX, 232 p., 55 tav.$d31 cm 610 0 $aCeramica$aGrecia antica 676 $a738.30938$v21$zita 676 $a930.1$v21$zita 700 1$aWalberg,$bGisela$0218464 801 0$aIT$bUNINA$gRICA$2UNIMARC 901 $aBK 912 $a990005686980403321 952 $a930.1 WAL 1$bBIBL. 58431$fFLFBC 959 $aFLFBC 996 $aProvincial middle Minoan pottery$9288894 997 $aUNINA LEADER 01340nam0 22003251i 450 001 UON00269377 005 20231205103749.109 010 $a88-8353-367-4 100 $a20051117d2005 |0itac50 ba 101 $aita 102 $aIT 105 $a|||| ||||| 200 1 $aPostcolonialismo$fAchille Mbembe$gtraduzione di Antonio Perri, Mattia Bilardello 210 $aRoma$cMeltemi$d2005 215 $a311 p.$d21 cm. 410 1$1001UON00169692$12001 $aBiblioteca Meltemi$v23 500 1$3UON00375028$aOn the postcolony$917248 606 $aAFRICA$xColonie$3UONC022167$2FI 620 $aIT$dRoma$3UONL000004 676 $a967$cSTORIA DELL'AFRICA CENTRALE / STORIA DELL'AFRICA SUBSAHARIANA$v21 700 1$aMBEMBE$bAchille$3UONV043358$0289893 702 1$aBilardello$bMattia$3UONV157015 702 1$aPerri$bAntonio$3UONV157013 712 $aMeltemi$3UONV258772$4650 801 $aIT$bSOL$c20250718$gRICA 912 $aUON00269377 950 $aSIBA - SISTEMA BIBLIOTECARIO DI ATENEO$dSI VI c 2.70 0666 $eSI DA 836 5 0666 $sBuono 950 $aSIBA - SISTEMA BIBLIOTECARIO DI ATENEO$dSI B SMARRITO $eSI SC 44677 6 SMARRITO $sSmarrito 996 $aOn the postcolony$917248 997 $aUNIOR